South Eastern Kenya University

Library Online Public Access Catalogue


Intermediate Algebra / (Record no. 8747)

MARC details
000 -LEADER
fixed length control field 00450nam a22001575a 4500
020 ## - ISBN
International Standard Book Number 9780618946686 (student edition)
050 ## - LIBRARY OF CONGRESS CALL NUMBER
Classification Number QA 154.3
Item Number .B68 2014
100 1# - MAIN ENTRY--Author
Personal name Bracken, Laura J.
245 10 - TITLE
Title Intermediate Algebra /
Statement of responsibility, etc Laura J. Bracken, Edward S. Miller.
250 ## - EDITIONSTATEMENT
Edition statement 1st Ed.
260 ## - PUBLICATION, DISTRIBUTION, ETC.(IMPRINT)
Place of publication, distribution, etc Belmont, CA [USA] :
Name of publisher, distributor, etc Brooks/Cole Cengage Learning,
Date of publication, distribution, etc 2012.
300 ## - PHYSICAL DESCRIPTION
Extent p. cm.
500 ## - GENERALNOTE
General note Includes index.
650 ## - SUBJECT--TOPIC
General subdivision Algebra.
942 ## - ADDED ENTRY ELEMENTS(KOHA)
Source of classification or shelving scheme Library of Congress Classification
Koha item type General circulation
Holdings
Source of classification or shelving scheme Not for loan Location (home branch) Sublocation (holding branch) Shelving location Date accessioned Full call number Barcode Nonpublic note Koha item type Public note
Library of Congress Classification   Wote Campus Library Main Campus Library   08/09/2015 QA 154.3 .B68 2014 2015/007813 Nzk General circulation Nzk
Kitui, Kenya.
+254736116989
library@seku.ac.ke